000 00847nam a22002777a 4500
001 BR8405090
003 BR-BrBNA
005 20230928092027.0
007 ta
008 230509b bl.||||| |||| 00| 0 por d
040 _aBR-BrBNA
_bpor
_cBiblioteca Nacional de Agricultura
041 _a(Fr)
072 _aE14; K10
_b/G514
090 _ E14 BR8405090
110 1 _aInstituto Brasileiro de Desenvolvimento Florestal, Brasilia, DF (Brasil)
_95727
245 1 _aProgramme d'exploitation des ressources forestieres dans des surfaces speciales d'Amazonie [Brasil]
260 3 _aBrasilia, DF (Brasil):
_c[nd].
300 _a22 p.
500 _aPublished after 1983
650 _aPRODUCAO FLORESTAL
650 _aRECURSO NATURAL
650 _aPROJETO AGRICOLA
650 _aAMAZONIA
909 _a202309
_bLucia
_c55
_dLucia Elande
942 _cBK
999 _c36774
_d36774